Normal view
MARC view
Entry Topical Term
001 - CONTROL NUMBER
- control field: 15858
003 - CONTROL NUMBER IDENTIFIER
- control field: OSt
005 - DATE AND TIME OF LATEST TRANSACTION
- control field: 20220303162017.0
008 - FIXED-LENGTH DATA ELEMENTS
- fixed length control field: 220303|| aca||aabn | a|a d
040 ## - CATALOGING SOURCE
- Original cataloging agency: OSt
- Transcribing agency: OSt
150 ## - HEADING--TOPICAL TERM
- Topical term or geographic name entry element: Stochastic processes.
670 ## - SOURCE DATA FOUND
- Source citation: Work cat.: (OSt)0: Papoulis, Athanasios, 1921- 15856, Probability, random variables, and stochastic processes /, c2002.
